• 首页
  • 本馆介绍
  • 公告通知
  • 最新文献
  • 馆藏检索
  • 电子资源
  • 读者导购
  • 参考咨询
  • 我的图书馆
  • 登录
  • 详细信息显示
  • 放入我的书架
  • 预约/预借图书
  • 作者相关作品
  • 分类相关作品
  • 丛书相关作品
  • 出版社相关作品

书目信息

  • 表格格式
  • 工作单格式
  • 卡片格式
题名:
实用文案与活动策划撰写技巧及实例全书
    
 
作者: 金岩 编著
分册:  
出版信息: 北京   中华工商联合出版社  2014.07
页数: 234页
开本: 24cm
丛书名:
单 册:
中图分类: F274 , H152.3 , F713.5
科图分类:
主题词: 企业管理--市场营销学--文书--写作 , 活动--策划--文书--写作 , 商业经济--国内
电子资源:
ISBN: 978-7-5158-0993-9
000 01056nam0 2200265 450
001 5466
005 20181016091946.08
010    @a978-7-5158-0993-9@dCNY45.00
100    @a20141113d2014 em y0chiy50 ea
101 0  @achi
102    @aCN@b110000
105    @ay z 000yy
200 1  @a实用文案与活动策划撰写技巧及实例全书@9shi yong wen an yu huo dong ce hua zhuan xie ji qiao ji shi li quan shu@f金岩编著
210    @a北京@c中华工商联合出版社@d2014.07
215    @a234页@d24cm
330    @a本书通过敏锐的观察和独特的视角,向读者展示了一幅如何写好文案的蓝图,内容涉及实用文案和活动策划的方方面面。所列的策划方案内容、种类、格式全面,紧密围绕有策划需要的各项工作展开,从策划的基本理念到方案的结构与章法、语言表达与文本形式,全面涵盖了策划文案及写作的各个主要环节。
606 0  @a企业管理@x市场营销学@x文书@x写作
606 0  @a活动@x策划@x文书@x写作
606 0  @a商业经济@x国内
690    @aF274@v5
690    @aH152.3@v5
690    @aF713.5@v4
701  0 @a金岩@9jin yan@4编著
801  0 @aCN@b91MARC@c20150426
905    @aMuseLib@dF713.5@e1110
    
    实用文案与活动策划撰写技巧及实例全书/金岩编著.-北京:中华工商联合出版社,2014.07
    234页;24cm
    
    
    ISBN 978-7-5158-0993-9:CNY45.00
    本书通过敏锐的观察和独特的视角,向读者展示了一幅如何写好文案的蓝图,内容涉及实用文案和活动策划的方方面面。所列的策划方案内容、种类、格式全面,紧密围绕有策划需要的各项工作展开,从策划的基本理念到方案的结构与章法、语言表达与文本形式,全面涵盖了策划文案及写作的各个主要环节。
●
相关链接 在E读中查询图书 在五车中查询图书 在当当中查询图书 在豆瓣中查询图书


正题名:实用文案与活动策划撰写技巧及实例全书     索取号:F713.5/1110         预约/预借

序号 登录号 条形码 馆藏地/架位号 状态 备注
1 1129845   211298451   第一样本阅览室/ [索取号:F713.5/1110] 在馆    
2 1129846   211298460   第一借阅区/ [索取号:F713.5/1110] 在馆    
3 1129847   211298479   第一借阅区/ [索取号:F713.5/1110] 在馆    
4 1129848   211298488   第一借阅区/ [索取号:F713.5/1110] 在馆    
5 1129849   211298497   第一借阅区/ [索取号:F713.5/1110] 在馆    
唐山师范学院图书馆 欢迎您!
大连网信软件有限公司© 版权所有